[Marketing finančných inštitúcií]

Recenzia na monografiu, ktorá v troch kapitolách rozoberá základné charakteristiky a vybrané problémové okruhy a súvislosti implementácie marketingových nástrojov v bankách a poisťovniach.

Na minha lista:
Detalhes bibliográficos
Autor principal: Korauš, Antonín
Formato: Capítulo de Livro
Idioma:eslovaco
Assuntos:
Tags: Adicionar Tag
Sem tags, seja o primeiro a adicionar uma tag!

MARC

LEADER 00000naa$a2200000$$$4500
001 0104797
005 20220822082708.1
041 0 |a slo 
044 |a SK 
245 1 0 |a [Marketing finančných inštitúcií]  |c Anton Korauš 
520 |a Recenzia na monografiu, ktorá v troch kapitolách rozoberá základné charakteristiky a vybrané problémové okruhy a súvislosti implementácie marketingových nástrojov v bankách a poisťovniach. 
610 2 0 |a marketing 
610 2 0 |a recenzie 
610 2 0 |a technológie komunikačné 
610 2 0 |a trh finančný 
610 2 0 |a systémy informačné 
610 2 0 |a banky 
610 2 0 |a poisťovne 
100 1 |a Korauš, Antonín